000 02488nam0a2200445 4500
001 RU\NLR\bibl\741836
005 20260405073024.0
010 _a1-55321-110-3
_91000
021 _aRU
_b2004-61901
_93042
035 _a(NLR Aleph) 000731706
035 _aRSL-KNO-002485512
090 _a766791
_c766791
100 _a20041006d2004 |||y0rusy50 ca
101 0 _arus
_deng
102 _aRU
105 _aa |||||||||
106 _ar
200 1 _aРыцарь герба и ракетки
_dThe knight of the tennis racket
_eдокументальная повесть о великом русском теннисисте графе М. Н. Сумарокове-Эльстоне
_fБорис Фоменко
_zeng
210 _aМосква
_cNDM-MEDIA
_d2004
_gТвер. полигр. комб. дет. лит.
215 _a174, [1] с.
_cил., портр., факс., цв. ил.
_d24
300 _aЗагл. обл.: Граф Сумароков-Эльстон рыцарь герба и ракетки
300 _aНа 4-й с. обл. авт.: Б. Фоменко журн.
300 _aНа обл. авт. не указан
510 0 _6z33790
_aKnight of the tennis racket
512 1 _aГраф Сумароков-Эльстон рыцарь герба и ракетки
600 1 _aСумароков-Эльстон
_bМ.Н.
_f1893 - 1970
_gМихаил Николаевич
_xв художественной литературе
_92371322
_3RU\NLR\auth\661415395
610 0 _aКультура. Наука. Просвещение -- Физическая культура и спорт -- Игровые виды спорта -- Теннис -- История тенниса в России до 1917 года -- Персоналии теннисистов -- Сумароков-Эльстон, Михаил Николаевич (1892-1970) - спортсмен
686 _aЧ515.773(2)1-8Сумароков-Эльстон,М.Н.
_2rubbk
686 _aШ6(2=Р)75-448
686 _aЧ515.773(2)1-8Сумароков-Эльстон
700 1 _4070
_8rus
_7ca
_aФоменко
_bБ. И.
_f1940-
_gБорис Иванович
_3RU\NLR\auth\7725324
_98373
790 1 _4070
_8rus
_7ba
_aFomenko
_bB. I.
_f1940-
_gBoris Ivanovič
_3RU\NLR\auth\7725384
_98433
801 0 _aRU
_bRuMoRKP
_c20041006
_grcr
801 1 _aRU
_bRuMoRGB
_c20041006
801 2 _aRU
_bNLR
_c20050330
_gPSBO
942 _cBOOK
980 _aNB